| 000 | 00912nam a2200265 a 4500 | ||
|---|---|---|---|
| 999 |
_c1269 _d1269 |
||
| 001 | 3985258 | ||
| 003 | OSt | ||
| 005 | 20210625052127.0 | ||
| 008 | 950325s1995 iaua b 000 0 eng | ||
| 010 | _a 95131760 | ||
| 020 | _a0787203157 | ||
| 040 |
_aDLC _cDLC |
||
| 050 | 0 | 0 |
_aHF5657.4 _b.R435 1995 |
| 082 | 0 | 0 |
_a658.15/11 _220 |
| 245 | 0 | 0 |
_aReadings in management accounting : _bnew rules for new games in manufacturing and service organizations / _c[compiled by] Ibrahim Aly. |
| 246 | 3 | 0 | _aManagement accounting |
| 260 |
_aDubuque, Iowa : _bKendall/Hunt Pub. Co., _cc1995. |
||
| 300 |
_aviii, 482 p. : _bill. ; _c28 cm. |
||
| 504 | _aIncludes bibliographical references. | ||
| 650 | 0 | _aManagerial accounting. | |
| 700 | 1 |
_aAly, Ibrahim _q(Ibrahim M.) |
|
| 906 |
_a7 _bcbc _corignew _d3 _encip _f19 _gy-gencatlg |
||
| 942 |
_2lcc _cBK _nMM |
||